[Event "Moscow op-A 19th"]
[Site "Moscow"]
[Date "2023.07.22"]
[Round "7"]
[White "Temirbekov, Taimaz"]
[Black "Pesotskiy, Mikhail"]
[Result "1-0"]
[WhiteElo "1924"]
[BlackElo "2153"]
[PlyCount "89"]
[EventDate "2023.07.17"]
[EventType "swiss"]
[EventRounds "9"]
[EventCountry "RUS"]
[SourceTitle "CBM 215 Extra"]
[Source "ChessBase"]
[SourceDate "2023.09.30"]
[SourceVersion "1"]
[SourceVersionDate "2023.09.30"]
[SourceQuality "1"]

1. e4 e6 2. d4 d5 3. Nc3 Bb4 4. e5 c5 5. a3 Ba5 6. Bd2 Nc6 7. dxc5 Nxe5 8. Nf3 Nxf3+ 9. Qxf3 Ne7 10. 0-0-0 0-0 11. h4 Bc7 12. h5 h6 13. g4 f6 14. Bg2 Bd7 15. Qe2 Qb8 16. Be3 Bc6 17. Rhe1 Kh8 18. Bxh6 gxh6 19. Qxe6 Ng8 20. Bxd5 Be5 21. Bxc6 bxc6 22. Qc4 Qc7 23. Ne2 Rab8 24. c3 Qf7 25. Qxf7 Rxf7 26. f4 Bc7 27. Kc2 Rg7 28. b4 Rxg4 29. Nd4 Bxf4 30. Nxc6 Ra8 31. Nd8 Rg2+ 32. Kb3 Rd2 33. Ne6 Rxd1 34. Rxd1 Be5 35. c6 Ne7 36. c7 Rg8 37. Rd8 f5 38. Kc4 Nc8 39. Kd3 Ne7 40. c4 Kh7 41. Rd7 Bf6 42. Nd8 Kh8 43. Nf7+ Kh7 44. Nd6 Rg7 45. Nxf5 1-0

[Event "Wch U12 rapid"]
[Site "Batumi"]
[Date "2023.06.06"]
[Round "1"]
[White "Karakhanyan, Vazgen"]
[Black "Temirbekov, Taimaz"]
[Result "0-1"]
[WhiteElo "1332"]
[BlackElo "1968"]
[PlyCount "78"]
[EventDate "2023.06.06"]
[EventType "swiss (rapid)"]
[EventRounds "11"]
[EventCountry "GEO"]
[SourceTitle "EXT 2024"]
[Source "ChessBase"]
[SourceDate "2023.10.10"]
[SourceVersion "1"]
[SourceVersionDate "2023.10.10"]
[SourceQuality "1"]
[WhiteTeam "Armenia"]
[BlackTeam "FIDE"]
[WhiteTeamCountry "ARM"]

1. d4 Nf6 2. c4 e6 3. Nf3 d5 4. cxd5 exd5 5. Nc3 c6 6. Bg5 Nbd7 7. e3 Be7 8. Be2 0-0 9. Qc2 Re8 10. 0-0 Ne4 11. Bxe7 Qxe7 12. Nd2 Nxd2 13. Qxd2 Nf6 14. Bd3 h5 15. Rae1 Be6 16. f3 Qd6 17. Ne2 Bd7 18. Nf4 Re7 19. Bb1 Rae8 20. Nd3 Bf5 21. Ne5 Bxb1 22. Rxb1 Nd7 23. f4 Nb6 24. Rf3 Qh6 25. b3 Nc8 26. Rh3 f6 27. Nd3 Nd6 28. Qe2 Qg6 29. Re1 Nf5 30. Qd2 h4 31. Kf2 Qg4 32. Qd1 Qxd1 33. Rxd1 Nxe3 34. Rc1 Ng4+ 35. Kf3 Nh6 36. Nc5 Re3+ 37. Kf2 Re2+ 38. Kg1 Ng4 39. Rxh4 Re1+ 0-1

[Event "EU-ch U12 30th"]
[Site "Antalya"]
[Date "2022.11.14"]
[Round "9"]
[White "Temirbekov, Taimaz"]
[Black "Cieslak, Patryk"]
[Result "0-1"]
[WhiteElo "1934"]
[BlackElo "2088"]
[PlyCount "116"]
[EventDate "2022.11.06"]
[EventType "swiss"]
[EventRounds "9"]
[EventCountry "TUR"]
[SourceTitle "CBM 211 Extra"]
[Source "ChessBase"]
[SourceDate "2023.01.31"]
[SourceVersion "1"]
[SourceVersionDate "2023.01.31"]
[SourceQuality "1"]

1. e4 c5 2. Nf3 d6 3. d4 cxd4 4. Nxd4 Nf6 5. Nc3 a6 6. Bd3 g6 7. Be3 Ng4 8. Bg5 Bg7 9. Be2 Nf6 10. 0-0 0-0 11. Be3 Nc6 12. Nb3 Be6 13. f4 b5 14. Bf3 Rc8 15. h3 Nd7 16. a4 b4 17. Nd5 Bxb2 18. Ra2 Bg7 19. a5 Ra8 20. Qe2 Qc8 21. Rd1 Bxd5 22. exd5 Nd8 23. Ra4 Rb8 24. Qd3 Rb5 25. Be2 Nf6 26. Nd4 Rxd5 27. Bf3 Rc5 28. Rxb4 Nd5 29. Bxd5 Rxd5 30. c4 Rxa5 31. Nb3 Ra2 32. c5 Qc6 33. Qe4 Qxe4 34. Rxe4 dxc5 35. Nxc5 Nc6 36. Rd7 Rc8 37. h4 Bf6 38. h5 Kg7 39. g4 gxh5 40. g5 Bb2 41. f5 Ra3 42. Kg2 a5 43. Bf2 Be5 44. Nd3 Bb8 45. Rc4 Kf8 46. Ne1 Bd6 47. f6 Ke8 48. Rb7 Rb8 49. Rxb8+ Nxb8 50. Rc8+ Kd7 51. fxe7 Kxe7 52. Nf3 Ra2 53. Nd4 Kd7 54. Rc4 h4 55. Nc2 Nc6 56. Kh3 Nb4 57. Nxb4 axb4 58. Bxh4 b3 0-1

[Event "EU-ch U12 30th"]
[Site "Antalya"]
[Date "2022.11.06"]
[Round "1"]
[White "Temirbekov, Taimaz"]
[Black "Koyuncu, Omer Arda"]
[Result "1-0"]
[WhiteElo "1934"]
[BlackElo "1545"]
[PlyCount "69"]
[EventDate "2022.11.06"]
[EventType "swiss"]
[EventRounds "9"]
[EventCountry "TUR"]
[SourceTitle "EXT 2024"]
[Source "ChessBase"]
[SourceDate "2023.10.10"]
[SourceVersion "1"]
[SourceVersionDate "2023.10.10"]
[SourceQuality "1"]

1. e4 d6 2. d4 Nf6 3. Nc3 e5 4. dxe5 dxe5 5. Qxd8+ Kxd8 6. Bc4 Be6 7. Bxe6 fxe6 8. Nf3 Nc6 9. Bg5 Bb4 10. 0-0-0+ Ke7 11. Ne2 Rhd8 12. Kb1 b5 13. Nc1 h6 14. Bxf6+ Kxf6 15. Nd3 a5 16. h4 Bd6 17. h5 b4 18. Rh3 a4 19. Nh4 Kf7 20. Ng6 Ra5 21. f4 exf4 22. e5 Be7 23. Rf3 Bg5 24. g3 Nd4 25. Rff1 f3 26. Nxb4 c5 27. Nc6 Nxc6 28. Rxf3+ Bf6 29. Rdf1 Nd4 30. R3f2 Nf5 31. exf6 Nxg3 32. Ne5+ Kf8 33. fxg7+ Kxg7 34. Rg2 c4 35. Rxg3+ 1-0

[Event "Wch U12"]
[Site "Batumi"]
[Date "2022.09.23"]
[Round "7"]
[White "Yun, Hungi"]
[Black "Temirbekov, Taimaz"]
[Result "1/2-1/2"]
[WhiteElo "1542"]
[BlackElo "2042"]
[PlyCount "141"]
[EventDate "2022.09.16"]
[EventType "swiss"]
[EventRounds "11"]
[EventCountry "GEO"]
[SourceTitle "EXT 2023"]
[Source "ChessBase"]
[SourceDate "2022.10.05"]
[SourceVersion "1"]
[SourceVersionDate "2022.10.05"]
[SourceQuality "1"]

1. e4 c5 2. Nf3 d6 3. d4 cxd4 4. Nxd4 Nf6 5. Nc3 a6 6. Bg5 Nbd7 7. Qe2 h6 8. Bh4 g6 9. f4 e5 10. fxe5 dxe5 11. 0-0-0 Qc7 12. Nb3 b5 13. Qf3 Bg7 14. Rxd7 Nxd7 15. Nd5 Qb8 16. Na5 0-0 17. Be7 Bb7 18. Bxf8 Bxf8 19. Nxb7 Qxb7 20. Bd3 Nc5 21. Rf1 Bg7 22. Kb1 Rc8 23. h4 Rc6 24. g4 Ne6 25. c3 Rd6 26. h5 Nf4 27. hxg6 Nxg6 28. Bc2 a5 29. Qe3 a4 30. a3 Qd7 31. Qf3 Nf4 32. Nxf4 exf4 33. Qxf4 Qe7 34. Qf5 Be5 35. Qh5 Rg6 36. Rf5 Rg5 37. Rxg5+ hxg5 38. Qh1 Qc5 39. Qd1 Bf6 40. Bd3 b4 41. axb4 Qa7 42. Ka2 a3 43. bxa3 Bxc3 44. Qb3 Bf6 45. b5 Qd4 46. Qc2 Qa1+ 47. Kb3 Be7 48. Qb2 Qd1+ 49. Bc2 Qxg4 50. Ka2 Qe6+ 51. Qb3 Qb6 52. Qc4 Qd6 53. Qd3 Qc5 54. Qb3 Bd8 55. Qd3 Bf6 56. a4 Qe5 57. Kb3 Kg7 58. Kb4 g4 59. Bd1 g3 60. Bf3 g2 61. Bxg2 Qb2+ 62. Ka5 Qxg2 63. b6 Qf2 64. Qd5 Qb2 65. b7 Be5 66. Ka6 Bb8 67. Qg5+ Kh7 68. Qh5+ Kg8 69. Qg5+ Kh7 70. Qh5+ Kg7 71. Qg5+ 1/2-1/2

[Event "Kerch Panticapaeum Rapid op"]
[Site "Kerch"]
[Date "2021.09.21"]
[Round "2"]
[White "Temirbekov, Taimaz"]
[Black "Zakaryan, David"]
[Result "0-1"]
[WhiteElo "1573"]
[BlackElo "2304"]
[PlyCount "78"]
[EventDate "2021.09.21"]
[EventType "swiss (rapid)"]
[EventRounds "9"]
[EventCountry "RUS"]
[SourceTitle "CBM 204 Extra"]
[Source "ChessBase"]
[SourceDate "2021.11.30"]
[SourceVersion "1"]
[SourceVersionDate "2021.11.30"]
[SourceQuality "1"]

1. e4 c5 2. Nf3 d6 3. d4 cxd4 4. Nxd4 Nf6 5. Nc3 a6 6. h4 e5 7. Nb3 Be6 8. f4 Nc6 9. f5 Bxb3 10. axb3 d5 11. exd5 Nd4 12. Bg5 Bb4 13. Bd3 h6 14. Bxf6 Qxf6 15. Qh5 e4 16. Bxe4 Bxc3+ 17. bxc3 Nxc2+ 18. Bxc2 Qxc3+ 19. Kf2 Qxc2+ 20. Qe2+ Qxe2+ 21. Kxe2 Kd7 22. g4 Rhe8+ 23. Kf3 Rac8 24. Rac1 Kd6 25. Rc4 Rxc4 26. bxc4 b5 27. cxb5 axb5 28. Rb1 Rb8 29. Ke4 b4 30. Kd4 b3 31. g5 Rb4+ 32. Kc3 Rxh4 33. gxh6 Rh3+ 34. Kc4 gxh6 35. f6 h5 36. Rb2 h4 37. Re2 Rf3 38. Re7 h3 39. Rxf7 h2 0-1

[Event "Wch FIDE Online U10 Europe qual"]
[Site "Tornelo INT"]
[Date "2020.12.09"]
[Round "7"]
[White "Averin, Nikolay"]
[Black "Temirbekov, Taimaz"]
[Result "0-1"]
[WhiteElo "1712"]
[BlackElo "1608"]
[PlyCount "146"]
[EventDate "2020.12.07"]
[EventType "swiss (rapid)"]
[EventRounds "7"]
[EventCountry "ISS"]
[SourceTitle "EXT 2022"]
[Source "ChessBase"]
[SourceDate "2021.10.06"]
[SourceVersion "1"]
[SourceVersionDate "2021.10.06"]
[SourceQuality "1"]

1. e4 c5 2. Nf3 d6 3. d4 cxd4 4. Nxd4 Nf6 5. Nc3 a6 6. Bc4 e6 7. Bb3 Be7 8. Qf3 0-0 9. 0-0 Nbd7 10. Qg3 Nc5 11. Bh6 Ne8 12. Be3 Bd7 13. Rad1 Nf6 14. f3 Rc8 15. Rd2 b5 16. a3 Nxb3 17. Nxb3 a5 18. Rfd1 b4 19. axb4 axb4 20. Ne2 e5 21. Qf2 Be6 22. Nc5 Qc7 23. Nxe6 fxe6 24. Qe1 h6 25. c3 d5 26. exd5 exd5 27. Qg3 Kh7 28. Qh3 Bc5 29. Bxc5 Qxc5+ 30. Kh1 e4 31. Rd4 exf3 32. gxf3 bxc3 33. Nxc3 Qb6 34. R1d2 Qa6 35. Qf5+ Kh8 36. Qd3 Qe6 37. Qe2 Qh3 38. Qg2 Qf5 39. Re2 Rfe8 40. Rdd2 Rxe2 41. Qxe2 Re8 42. Qf2 Kh7 43. Re2 Rd8 44. Rd2 Re8 45. Ne2 Ne4 46. Qe3 Nxd2 47. Qf2 Qxf3+ 48. Qxf3 Nxf3 49. Nf4 Ng5 50. Nxd5 Re1+ 51. Kg2 Re2+ 52. Kg3 Rxb2 53. h4 Rb3+ 54. Kf4 Nf7 55. Kf5 Rb5 56. Ke4 Rxd5 57. Kxd5 g5 58. h5 Kg7 59. Ke6 g4 60. Kf5 g3 61. Ke6 g2 62. Ke7 g1Q 63. Kd7 Qe3 64. Kc6 Qd4 65. Kc7 Qd5 66. Kb8 Nd8 67. Kc7 Ne6+ 68. Kb6 Qc5+ 69. Ka6 Qb4 70. Ka7 Nd4 71. Ka8 Qb5 72. Ka7 Nc6+ 73. Ka8 Qb8# 0-1

[Event "EU-ch Online U12"]
[Site "Tornelo INT"]
[Date "2020.09.20"]
[Round "8"]
[White "Temirbekov, Taimaz"]
[Black "Smeets, Kobe"]
[Result "0-1"]
[WhiteElo "1608"]
[BlackElo "1787"]
[PlyCount "61"]
[EventDate "2020.09.18"]
[EventType "swiss (rapid)"]
[EventRounds "9"]
[EventCountry "NET"]
[SourceTitle "EXT 2023"]
[Source "ChessBase"]
[SourceDate "2022.10.05"]
[SourceVersion "1"]
[SourceVersionDate "2022.10.05"]
[SourceQuality "1"]
[WhiteTeam "Russia"]
[BlackTeam "Netherlands"]
[WhiteTeamCountry "RUS"]
[BlackTeamCountry "NED"]

1. e4 c5 2. Nf3 d6 3. c3 Nf6 4. h3 Nc6 5. Bd3 e6 6. Bc2 Be7 7. 0-0 0-0 8. a3 b5 9. d4 cxd4 10. cxd4 Bb7 11. Nc3 a6 12. Bg5 Rc8 13. Qd3 e5 14. d5 Na5 15. Nh4 g6 16. Bh6 Re8 17. Nf5 Bf8 18. Bxf8 Kxf8 19. Ng3 Nc4 20. Nd1 Qc7 21. Rc1 Qa5 22. f4 Nd7 23. f5 Nc5 24. Qe2 Qd2 25. fxg6 hxg6 26. Qf3 Re7 27. Qf6 Ke8 28. Nf2 Ne3 29. Bd1 Qxc1 30. Bg4 Nxg4 31. Nxg4 0-1